| 000 | 00594nam a22002057a 4500 | ||
|---|---|---|---|
| 005 | 20170125143625.0 | ||
| 010 | _a1617EN ENG-117175 | ||
| 020 |
_c550.00 _a9788121907415 |
||
| 035 | _aEN-100707 | ||
| 037 |
_adpl _bK.K.P. |
||
| 037 | _bDBAD/PUB | ||
| 082 | _a513 | ||
| 100 | _aAggarwal, R.S. | ||
| 245 |
_aObjective arithmetic ; _cby Aggarwal _bssc and railway exam special / |
||
| 260 |
_aNew Delhi _bS.Chand _c2015 |
||
| 270 |
_a7361.Ram Nagar, _bNew Delhi _e110002 |
||
| 300 |
_a635 p _c26cm(pbk) |
||
| 942 |
_2ddc _cEN _h513 |
||
| 999 |
_c102202 _d102202 |
||